000 00371nam a2200133Ia 4500
005 20260328104318.0
008 260328s9999||||xx |||||||||||||| ||und||
100 _aThomas, Helen
245 0 _aDrawing Architecture :
_b The Finest Architectural Drawings Through the Ages /
_cHelen Thomas
260 _bPhaidon
300 _a319 p.
650 _aARQUITECTURA
942 _cBK
999 _c11232
_d11232